Requirements for the Reporting of a Group of Business Entities in the Present

Požiadavky na vykazovanie skupiny subjektov vyplývajú z podmienok zákona č. 431/2002 o účtovníctve v znení neskorších predpisov v SR. Skupinu účtovných jednotiek tvorí materská účtovná jednotka a všetky jej dcérske účtovné jednotky. Skupinu účtovných jednotiek zákon o účtovníctve označuje ako konsol...

Descripción completa

Guardado en:
Detalles Bibliográficos
Autor principal: Hornická, Renáta, 1977-
Formato: Capítulo de libro
Lenguaje:inglés
Materias:
Etiquetas: Agregar Etiqueta
Sin Etiquetas, Sea el primero en etiquetar este registro!

MARC

LEADER 00000naa$a2200000$$$4500
001 0296585
005 20240502083955.5
041 0 |a eng 
044 |a CZ 
245 1 0 |a Requirements for the Reporting of a Group of Business Entities in the Present  |c Renáta Hornická 
520 |a Požiadavky na vykazovanie skupiny subjektov vyplývajú z podmienok zákona č. 431/2002 o účtovníctve v znení neskorších predpisov v SR. Skupinu účtovných jednotiek tvorí materská účtovná jednotka a všetky jej dcérske účtovné jednotky. Skupinu účtovných jednotiek zákon o účtovníctve označuje ako konsolidovaný celok. Požiadavky v zákone o účtovníctve sa týkajú finančného výkazníctva, ale aj nefinančného výkazníctva skupiny. Základným zdrojom finančných informácií je konsolidovaná účtovná závierka. Dôležitým zdrojom informácií je konsolidovaná výročná správa, ktorá obsahuje finančné a nefinančné informácie. 
610 2 0 |a účtovníctvo 
610 2 0 |a jednotka účtovná 
610 2 0 |a podnik 
610 2 0 |a výkazníctvo finančné 
610 2 0 |a závierka účtovná konsolidovaná 
610 2 0 |a informácie 
610 2 0 |a zákony 
610 2 0 |a legislatíva 
100 1 |a Hornická, Renáta, 1977-